<?xml version="1.0" encoding="UTF-8"?>
<record
    xmlns:xsi="http://www.w3.org/2001/XMLSchema-instance"
    xsi:schemaLocation="http://www.loc.gov/MARC21/slim http://www.loc.gov/standards/marcxml/schema/MARC21slim.xsd"
    xmlns="http://www.loc.gov/MARC21/slim">

  <leader>00864nam a2200217 i 4500</leader>
  <controlfield tag="001">189158</controlfield>
  <controlfield tag="003">ES-MaACL</controlfield>
  <controlfield tag="005">20250815110945.0</controlfield>
  <controlfield tag="008">190410s1947    fr ab        |||| | fre d</controlfield>
  <datafield tag="100" ind1="1" ind2=" ">
    <subfield code="a">Obr&#xE9;, Albert.</subfield>
    <subfield code="9">166810</subfield>
  </datafield>
  <datafield tag="245" ind1="1" ind2="0">
    <subfield code="a">Sciences naturelles </subfield>
    <subfield code="b">: g&#xE9;ologie : programmes officiels : classe de quatri&#xE8;me... / </subfield>
    <subfield code="c">par A. Obr&#xE9;.</subfield>
  </datafield>
  <datafield tag="260" ind1=" " ind2=" ">
    <subfield code="a">Paris : </subfield>
    <subfield code="b">Librairie Hachette, </subfield>
    <subfield code="c">[1947]</subfield>
  </datafield>
  <datafield tag="300" ind1=" " ind2=" ">
    <subfield code="a">377 p., 1 mapa col. pleg. : </subfield>
    <subfield code="b">il., mapas ; </subfield>
    <subfield code="c">19 cm.</subfield>
  </datafield>
  <datafield tag="490" ind1="1" ind2=" ">
    <subfield code="a">Cours V. Boulet et A. Obr&#xE9;</subfield>
  </datafield>
  <datafield tag="599" ind1=" " ind2=" ">
    <subfield code="a">El mapa col. pleg. es geol&#xF3;gico de Francia.</subfield>
  </datafield>
  <datafield tag="650" ind1=" " ind2="4">
    <subfield code="a">Geolog&#xED;a-</subfield>
    <subfield code="v">Libros de texto.</subfield>
    <subfield code="9">166811</subfield>
  </datafield>
  <datafield tag="650" ind1=" " ind2="7">
    <subfield code="a">Geolog&#xED;a-</subfield>
    <subfield code="z">Francia</subfield>
    <subfield code="2"></subfield>
    <subfield code="9">157288</subfield>
  </datafield>
  <datafield tag="830" ind1="0" ind2=" ">
    <subfield code="a">Cours V. Boulet et A. Obr&#xE9;</subfield>
    <subfield code="9">225785</subfield>
  </datafield>
  <datafield tag="852" ind1=" " ind2=" ">
    <subfield code="a">ES-MaACL</subfield>
    <subfield code="j">L-32314 </subfield>
    <subfield code="z">- Enc. cart. </subfield>
    <subfield code="z">. - Donat. herederos de la bibl. de M&#xAA; del Pilar Costa Palac&#xED;n</subfield>
  </datafield>
  <datafield tag="999" ind1=" " ind2=" ">
    <subfield code="c">189158</subfield>
    <subfield code="d">189158</subfield>
  </datafield>
  <datafield tag="952" ind1=" " ind2=" ">
    <subfield code="0">0</subfield>
    <subfield code="1">0</subfield>
    <subfield code="4">0</subfield>
    <subfield code="7">0</subfield>
    <subfield code="a">ATENEOM</subfield>
    <subfield code="b">ATENEOM</subfield>
    <subfield code="c">DEPO2</subfield>
    <subfield code="d">2019-04-10</subfield>
    <subfield code="e">DON</subfield>
    <subfield code="l">0</subfield>
    <subfield code="o">L-32314</subfield>
    <subfield code="p">1200342</subfield>
    <subfield code="r">2023-02-23 00:00:00</subfield>
    <subfield code="w">2023-02-23</subfield>
    <subfield code="y">MONOGRAFIA</subfield>
  </datafield>
</record>
